000 01185cam a2200373 i 4500
001 6795
003 FISKH
005 20250528142609.0
008 110310s2011 ctua j b 001 1 eng
010 _a 2011008744
020 _a9781607272830 (alk. paper)
020 _a9781607272847 (alk. paper)
040 _aDLC
_beng
_erda
_cDLC
_dDLC
050 _aQL737.U55 G353
082 _a813
100 1 _aGalvin, Laura Gates,
_d1963-
_eauthor.
245 1 0 _aFawn and her family /
_cby Laura Gates Galvin.
260 _aWashington :
_bPalm Publishing,
_c2011
300 _a16 unnumbered pages :
_bcolor illustrations ;
_c19 cm
336 _atext
_btxt
_2rdacontent
337 _aunmediated
_bn
_2rdamedia
338 _avolume
_bnc
_2rdacarrier
490 0 _aBaby animals
500 _a"Smithsonian Institution"--Cover.
505 _aE
520 _aJoin Fawn as she eats green grass, plays with her sister and nuzzles with her Mommy!
521 _a160
_bLexile estimate
521 _aE
_bRaz-Plus
650 0 _aFawns
_vJuvenile literature.
655 0 _aBoard books.
906 _a7
_bcbc
_corignew
_d1
_eecip
_f20
_gy-gencatlg
942 _2ddc
_cBK
_n0
999 _c6795
_d6795